| 000 | 00873nam a2200241 a 4500 | ||
|---|---|---|---|
| 001 | 48985 | ||
| 003 | BD-RjUL | ||
| 005 | 20211209054622.0 | ||
| 008 | 160817s1965 bg ||||| |||| 00| p ben d | ||
| 020 | _c: Tk. 2.00 | ||
| 035 | _a(BD-RjUL) 49104 | ||
| 040 |
_aBD-RjUL _bben _cBD-RjUL |
||
| 041 | _aben | ||
| 082 |
_223 _a891.441 _bMUN 1965 |
||
| 100 | 1 |
_aমুজাম্মিল _9120886 |
|
| 245 | 1 | 0 |
_aনীতিশাস্ত্রবার্তা / _cমুজাম্মিল ; আহমদ শরীফ সম্পাদিত |
| 260 |
_aঢাকা : _bবাঙলা একাডেমী, _c১৯৬৫ |
||
| 300 |
_a৬৭ পৃ. ; _c২১ সেমি. |
||
| 650 |
_aবাংলা কবিতা _9147473 |
||
| 650 |
_aBengali Poetry _9147474 |
||
| 700 |
_aশরীফ, আহমদ, সম্পাদিত _9124148 |
||
| 942 |
_2ddc _cBK |
||
| 999 |
_c48985 _d48985 |
||